000 00436nam a22001337a 4500
020 _a9781472974525
082 _a371.50941
_bBAK
100 _aBaker, Steven
245 _aA School Without Sanctions:
_ba new approach to behaviour management /
_cSteven Baker & Mick Simpson
260 _aLondon :
_bBloomsbury Education,
_c2020.
300 _a180p. ;
_c23 cm.
942 _2ddc
_cBK
999 _c588402
_d588402